000 00745nam a2200217 a 4500
001 000008917
005 20240530073931.0
008 090921s1982 cu r 000 0 spa d
040 _aDO-SdBNP
_bspa
_cBNPHU
082 _aRD864.4
_bH519e
100 1 _aHenríquez Ureña, Camila
_923480
245 1 0 _aEstudios y conferencias /
_cCamila Henríquez Ureña ; prólogo Mirta Aguirre.
260 _aLa Habana :
_bLetras Cubanas,
_c1982.
300 _a648 p. ;
_c24 cm.
590 _aInventariado, 2018/BT
600 1 4 _aHENRÍQUEZ UREÑA, CAMILA,
_y1894-1973
_923481
650 0 _aEnsayos dominicanos
_965
650 0 _aLiteratura dominicana.
_967
650 4 _aLiteratura moderna
_xHistoria y crítica
_910738
700 1 _aAguirre, Mirta,
_epról.
_923482
999 _c8683
_d8683